Berühmte Personen aus Nordrhein-Westfalen - Statistiken

Allgemein
  • Dieses Quiz wurde 199 mal gespielt
  • Das Durchschnittsergebnis liegt bei 16 aus 20
Antwortstatistiken
Bildquiz Hint Antwort % Korrekt
Bergisch Gladbach Heidi Klum
99%
Gelsenkirchen Manuel Neuer
96%
Köln Stefan Raab
95%
Gronau Udo Lindenberg
94%
Wuppertal Christian Lindner
91%
Bonn Ludwig van Beethoven
90%
Düsseldorf Heino
89%
Bergisch Gladbach Mats Hummels
89%
Detmold Frank-Walter Steinmeier
87%
Hürth Michael Schumacher
87%
Hagen Nena
86%
Köln Konrad Adenauer
84%
Gütersloh Alice Weidel
82%
Blomberg Gerhard Schröder
82%
Bochum Bastian Pastewka
81%
Witten Alexandra Popp
68%
Bergisch Gladbach Carolin Kebekus
56%
Rheinberg Claudia Schiffer
54%
Solingen Veronica Ferres
46%
Düsseldorf Heinrich Heine
34%
Keine übereinstimmenden Quizze gefunden
Verteilung der Resultate
Anzahl Personen mit jedem Resultat
Perzentil nach korrekt beantworteten Fragen
Ihre Resultats-Entwicklung
Sie haben dieses Quiz noch nicht gespielt